Biblioteca

Habilidades para la vida académica / Jonan Pecho, Rene Padilla (Registro nro. 44223)

Detalles MARC
000 -LÍDER
Campo fijo de descripción fija 004670000a22001450004500
041 0# - CÓDIGO DE IDIOMA
Código de idioma para texto/pista de sonido o título separado
082 04 - NÚMERO DE CLASIFICACIÓN DECIMAL DEWEY
Número de clasificación E 370.11 M3981
001 - NÚMERO DE CONTROL
Campo de control 17562
100 1# - ASIENTO PRINCIPAL--NOMBRE PERSONAL
Nombre personal Pecho, Jonan
245 10 - TÍTULO
Título del Material Habilidades para la vida académica / Jonan Pecho, Rene Padilla
260 ## - PUBLICACIÓN, DISTRIBUCIÓN, ETC. (PIE DE IMPRENTA)
Lugar de publicación, distribución, etc. Perú : Ediciones Asociación de grupos evangélicos unversitarios del Perú, 1994
300 ## - DESCRIPCIÓN FÍSICA
Extensión 89 p.
505 00 - NOTA DE CONTENIDO
Nota de contenido con formato preestablecido organización, preparación y factores a tener en cuenta en la vida academica
942 ## - TIPO DE MATERIAL (KOHA)
Tipo de Item KOHA Libros General
Existencias
Estado de Material Estado de Perdido Volumen-Parte/Tomo Estado de Dañado No para Préstamo Colección Tomo Biblioteca de Origen Biblioteca Permanente Fecha de Adquisición Total de Préstamos Signatura Topográfica Código de Barras Última vez visto Ejemplar/Existencia Fecha de Remplazo Tipo de Material
          Colección Esendek   Biblioteca FUSBC Biblioteca FUSBC 15/03/2012   E 370.11 M3981 23645 12/12/2019 1 26/01/2016 Libros General

Biblioteca FUSBC | Teléfono: (57+4) 349 88 10 Ext. 141| WhatsApp (+57) 3005338115 
E-mail: biblioteca@unisbc.edu.co | Calle 76 87-14 Robledo Palenque, Medellín, Colombia

Con tecnología Koha